| 000 | 00483cam a2200181ua 4500 | ||
|---|---|---|---|
| 020 | _a0-946688-362 | ||
| 041 |
_aeng _h |
||
| 082 |
_a028.756 31 _bCAR/TO |
||
| 100 | _aCarruthers, Lan . | ||
| 245 |
_aTools for agriculture: A buyer`s guide to appropriate equipment / _cLan Carruthers. _hTextual Documents |
||
| 250 |
_a3 / _b. |
||
| 260 |
_a : _bI T Publications , _c1985. |
||
| 300 | _a264 ; . | ||
| 500 | _a** Reference | ||
| 504 | _a | ||
| 942 | _cBK | ||
| 999 |
_c10480 _d10480 |
||